000
00294nam a22001097a 4500
008
160510b xxu||||| |||| 00| 0 eng d
020
_a
0721622399
041
_a
eng
080
_a
616.31
245
_a
A textbook of preventive dentistry:
_c
Robert C. Caldwell; Richard E. Stallard;
942
_2
udc
_c
BK
999
_c
1932
_d
1932